000 00779nam a2200193Ia 4500
003 GCL
008 140319s9999 xx 000 0 ara d
040 _aGCL /
_cGCL
082 0 4 _a810.9
_bض و
100 1 _aابوالفتح نصر الله بن محمد الشيبانى الجزرى
245 1 0 _aالوشى المرقوم فى حل المنظوم /
_cابوالفتح نصر الله بن محمد الشيبانى الجزرى
260 _aالقاهرة :
_bالهيئة العامة لقصور الثقافة ،
_c2004
300 _a458 ص ؛
_c24 سم
490 _aالذخائر
_v121
650 0 4 _aالشعر العربى - تاريخ ونقد
650 0 4 _aالادباء العرب
650 0 4 _aالادب العربى - تاريخ ونقد
942 _2ddc
_cBK
999 _c7117
_d7117